[Event "POL-ch U20"]
[Site "Chotowa"]
[Date "2023.10.29"]
[Round "7"]
[White "Suska, Szymon"]
[Black "Borowik, Wojciech"]
[Result "1/2-1/2"]
[WhiteElo "2040"]
[BlackElo "1902"]
[PlyCount "60"]
[EventDate "2023.10.24"]
[EventType "swiss"]
[EventRounds "9"]
[EventCountry "POL"]
[SourceTitle "Mega2024 Update 01"]
[Source "Chessbase"]
[SourceDate "2023.11.12"]
[SourceVersion "1"]
[SourceVersionDate "2023.11.12"]
[SourceQuality "1"]

1. d4 Nf6 2. Nf3 e6 3. c4 b6 4. Nc3 Bb4 5. Qc2 Bb7 6. e3 Ne4 7. Bd3 f5 8. Bd2 Nxd2 9. Nxd2 0-0 10. f3 Qh4+ 11. g3 Qh6 12. Kf2 c5 13. d5 Bxc3 14. bxc3 exd5 15. cxd5 Bxd5 16. Bxf5 Nc6 17. c4 Be6 18. Bxe6+ Qxe6 19. Rhe1 Qh3 20. Kg1 Rae8 21. f4 Nb4 22. Qc3 Rf6 23. a3 Rh6 24. Nf3 Nc6 25. Rad1 Qg4 26. Kg2 Qh3+ 27. Kg1 Qg4 28. Kg2 Qh3+ 29. Kg1 Qg4 30. Kg2 Qh3+ 1/2-1/2

[Event "POL-chT 2nd League"]
[Site "Jastrzebia Gora"]
[Date "2023.09.10"]
[Round "9.23"]
[White "Powalka, Michal"]
[Black "Suska, Szymon"]
[Result "1-0"]
[WhiteElo "1943"]
[BlackElo "2058"]
[PlyCount "91"]
[EventDate "2023.09.02"]
[EventType "team-swiss"]
[EventRounds "9"]
[EventCountry "POL"]
[SourceTitle "EXT 2024"]
[Source "ChessBase"]
[SourceDate "2023.10.10"]
[SourceVersion "1"]
[SourceVersionDate "2023.10.10"]
[SourceQuality "1"]
[WhiteTeam "Bialoleka Sparta"]
[BlackTeam "Warszawa Czternastka"]
[WhiteTeamCountry "POL"]
[BlackTeamCountry "POL"]

1. e4 c5 2. Nf3 Nc6 3. d4 cxd4 4. Nxd4 g6 5. Nc3 Bg7 6. Be3 d6 7. Qd2 Nf6 8. f3 Bd7 9. 0-0-0 Rc8 10. Kb1 Ne5 11. Bh6 0-0 12. h4 Bxh6 13. Qxh6 Rxc3 14. bxc3 Qb6+ 15. Ka1 Rc8 16. c4 Nxc4 17. Bxc4 Rxc4 18. Qd2 Ra4 19. c3 e5 20. Nc2 Be6 21. Nb4 Qa5 22. Qxd6 Rxb4 23. Qd8+ Qxd8 24. Rxd8+ Kg7 25. cxb4 Nd7 26. Rc1 b5 27. Rc7 Nb6 28. Rxa7 Nc4 29. g4 Kh6 30. Re8 g5 31. h5 Nd2 32. a4 bxa4 33. Rxe6+ fxe6 34. b5 Nb3+ 35. Kb2 Nd2 36. Rxa4 Nxf3 37. b6 Ne1 38. Kc3 Ng2 39. b7 Ne3 40. b8Q Nxg4 41. Ra7 Ne3 42. Qxe5 Kxh5 43. Rxh7+ Kg4 44. Qxe6+ Kf4 45. Rh3 Nd1+ 46. Kd2 1-0

[Event "POL-chT 2nd League"]
[Site "Jastrzebia Gora"]
[Date "2023.09.09"]
[Round "8.35"]
[White "Suska, Szymon"]
[Black "Strepikowski, Pawel"]
[Result "1-0"]
[WhiteElo "2058"]
[BlackElo "1855"]
[PlyCount "71"]
[EventDate "2023.09.02"]
[EventType "team-swiss"]
[EventRounds "9"]
[EventCountry "POL"]
[SourceTitle "EXT 2024"]
[Source "ChessBase"]
[SourceDate "2023.10.10"]
[SourceVersion "1"]
[SourceVersionDate "2023.10.10"]
[SourceQuality "1"]
[WhiteTeam "Warszawa Czternastka"]
[BlackTeam "Olsztyn Trzydziestka"]
[WhiteTeamCountry "POL"]
[BlackTeamCountry "POL"]

1. Nf3 Nf6 2. c4 e6 3. g3 b6 4. Bg2 Bb7 5. 0-0 Be7 6. Nc3 0-0 7. d4 d5 8. cxd5 exd5 9. Bf4 Nbd7 10. Nb5 c6 11. Nd6 Bxd6 12. Bxd6 Re8 13. Rc1 Ne4 14. Bf4 c5 15. dxc5 Ndxc5 16. Nd4 a5 17. b3 Qd7 18. a3 Rac8 19. h4 Ba6 20. Kh2 Qe7 21. b4 axb4 22. axb4 Ne6 23. Nxe6 fxe6 24. Rxc8 Rxc8 25. Bxe4 dxe4 26. Be5 Qf7 27. Qd4 Bxe2 28. Re1 Bc4 29. Qxb6 Bd5 30. Qe3 Rc2 31. Kg1 Qb7 32. Bd6 Qa6 33. Bc5 Rb2 34. Rc1 Rb3 35. Qf4 Qb7 36. Qf8# 1-0

[Event "Warsaw Najdorf Memorial op-B"]
[Site "Warsaw"]
[Date "2023.07.17"]
[Round "7"]
[White "Suska, Szymon"]
[Black "Mironowicz, Karol"]
[Result "1-0"]
[WhiteElo "1876"]
[BlackElo "1714"]
[PlyCount "81"]
[EventDate "2023.07.11"]
[EventType "swiss"]
[EventRounds "9"]
[EventCountry "POL"]
[SourceTitle "EXT 2024"]
[Source "ChessBase"]
[SourceDate "2023.10.10"]
[SourceVersion "1"]
[SourceVersionDate "2023.10.10"]
[SourceQuality "1"]

1. Nf3 d5 2. g3 Nf6 3. Bg2 c6 4. 0-0 Bg4 5. Ne5 Bh5 6. d4 Nbd7 7. c4 e6 8. Nc3 Nxe5 9. dxe5 Nd7 10. cxd5 exd5 11. f4 Bc5+ 12. Kh1 0-0 13. h3 f5 14. Qc2 Qe7 15. a3 a5 16. Rd1 Kh8 17. b3 Ba7 18. Bb2 Nc5 19. b4 Ne6 20. Qd2 Bf2 21. Kh2 d4 22. Na4 g5 23. fxg5 Be3 24. Qe1 Rg8 25. Nb6 Rad8 26. Nc4 Qxg5 27. Rd3 f4 28. Rad1 axb4 29. axb4 fxg3+ 30. Kh1 Bf2 31. Qd2 Nf4 32. Nd6 Qxe5 33. Rxd4 Be3 34. Rxf4 Bxf4 35. Bxe5+ Bxe5 36. Qh6 Bg6 37. Qe3 Rge8 38. Nf7+ Bxf7 39. Rxd8 Rxd8 40. Qxe5+ Kg8 41. Qg5+ 1-0

[Event "Poronin op"]
[Site "Poronin"]
[Date "2023.01.06"]
[Round "2"]
[White "Suska, Szymon"]
[Black "Bandyk, Joanna"]
[Result "1-0"]
[WhiteElo "1819"]
[BlackElo "1417"]
[PlyCount "103"]
[EventDate "2023.01.06"]
[EventType "swiss"]
[EventRounds "9"]
[EventCountry "POL"]
[SourceTitle "CBM 212 Extra"]
[Source "ChessBase"]
[SourceDate "2023.03.31"]
[SourceVersion "1"]
[SourceVersionDate "2023.03.31"]
[SourceQuality "1"]

1. Nf3 Nf6 2. g3 g6 3. Bg2 Bg7 4. 0-0 d6 5. d4 0-0 6. c4 c5 7. Nc3 e6 8. dxc5 dxc5 9. Bf4 a6 10. Bd6 Re8 11. Bxc5 Nc6 12. Qxd8 Rxd8 13. Rad1 Bd7 14. Bb6 Rdc8 15. b3 Be8 16. Nd4 Nd7 17. Nxc6 bxc6 18. Bd4 Nf6 19. Na4 Rab8 20. Be5 Rb7 21. Rd3 Nd7 22. Bxg7 Kxg7 23. Rd6 Nf6 24. Nc5 Ra7 25. Rfd1 Kf8 26. e4 Ke7 27. e5 Nd7 28. Nxd7 Rxd7 29. Rxd7+ Bxd7 30. Kf1 Kd8 31. Ke1 Kc7 32. Kd2 Kb6 33. Kc3 Rc7 34. Rd6 a5 35. a3 Ra7 36. g4 Kc7 37. Rd3 Ra8 38. Rh3 Rh8 39. g5 c5 40. Rf3 Rf8 41. Rd3 Bc6 42. Bxc6 Kxc6 43. Rd6+ Kb7 44. Rd7+ Kc6 45. Re7 Kb6 46. Rd7 Kc6 47. Rd6+ Kb7 48. f4 Rc8 49. Rd7+ Rc7 50. Rxc7+ Kxc7 51. b4 Kb6 52. bxc5+ 1-0

[Event "POL-ch U20"]
[Site "Karpacz"]
[Date "2022.11.27"]
[Round "9"]
[White "Suska, Szymon"]
[Black "Golecki, Jan"]
[Result "0-1"]
[WhiteElo "1819"]
[BlackElo "2197"]
[PlyCount "70"]
[EventDate "2022.11.19"]
[EventType "swiss"]
[EventRounds "9"]
[EventCountry "POL"]
[SourceTitle "EXT 2024"]
[Source "ChessBase"]
[SourceDate "2023.10.10"]
[SourceVersion "1"]
[SourceVersionDate "2023.10.10"]
[SourceQuality "1"]

1. Nf3 d5 2. d4 Nf6 3. g3 Nc6 4. Bg2 Bf5 5. 0-0 e6 6. c4 Be7 7. Nc3 0-0 8. Ne5 Nb8 9. cxd5 exd5 10. Qb3 Nc6 11. Qxb7 Nxd4 12. Nxd5 Nxe2+ 13. Kh1 Rb8 14. Nc6 Nxd5 15. Nxb8 Qxb8 16. Qxb8 Rxb8 17. Bxd5 Bf6 18. Re1 Nd4 19. Be4 Re8 20. f3 Nxf3 21. Bxf5 Rxe1+ 22. Kg2 Nd4 23. Bd3 Bg5 24. Bxg5 Rxa1 25. Be3 c5 26. a3 Ra2 27. Bc1 Nb3 28. Be3 Rxb2+ 29. Kh3 Ra2 30. a4 Rxa4 31. Bc2 c4 32. Bf4 Ra2 33. Bd1 Nd4 34. Be3 Ne6 35. Bf3 Ra3 0-1

[Event "POL-ch U20"]
[Site "Karpacz"]
[Date "2022.11.19"]
[Round "1"]
[White "Suska, Szymon"]
[Black "Fiedorek, Michal"]
[Result "0-1"]
[WhiteElo "1819"]
[BlackElo "2298"]
[PlyCount "94"]
[EventDate "2022.11.19"]
[EventType "swiss"]
[EventRounds "9"]
[EventCountry "POL"]
[SourceTitle "EXT 2024"]
[Source "ChessBase"]
[SourceDate "2023.10.10"]
[SourceVersion "1"]
[SourceVersionDate "2023.10.10"]
[SourceQuality "1"]

1. Nf3 c5 2. c4 Nc6 3. Nc3 e5 4. g3 d6 5. Bg2 g6 6. 0-0 Bg7 7. d3 Nge7 8. a3 0-0 9. Rb1 a5 10. Nd5 Nxd5 11. cxd5 Ne7 12. Nd2 b5 13. a4 Bd7 14. axb5 Bxb5 15. Nc4 Qc7 16. b3 Rfb8 17. Bd2 Rb7 18. Qc2 h5 19. Ra1 Rba7 20. Ra3 a4 21. bxa4 Bxa4 22. Qa2 Bb5 23. Rxa7 Rxa7 24. Qb3 Ba4 25. Qb6 Qxb6 26. Nxb6 Bb3 27. Rb1 Ba2 28. Nc8 Nxc8 29. Rb8 Kh7 30. Rxc8 Bb3 31. Bf3 f5 32. Bg5 Bc2 33. Re8 c4 34. dxc4 Ra1+ 35. Kg2 e4 36. Bxe4 fxe4 37. Re7 Kg8 38. c5 Bf8 39. Re8 Kf7 40. Rc8 dxc5 41. Rc7+ Kg8 42. Rc8 Bd1 43. Be7 Kf7 44. Bxf8 Bxe2 45. f4 Bf3+ 46. Kf2 Ra2+ 47. Ke1 e3 0-1

[Event "POL-chT 2nd League"]
[Site "Jastrzebia Gora"]
[Date "2022.09.06"]
[Round "4.58"]
[White "Suska, Szymon"]
[Black "Rybak, Tomasz"]
[Result "1/2-1/2"]
[WhiteElo "1777"]
[BlackElo "2148"]
[PlyCount "35"]
[EventDate "2022.09.03"]
[EventType "team-swiss"]
[EventRounds "9"]
[EventCountry "POL"]
[SourceTitle "CBM 210 Extra"]
[Source "ChessBase"]
[SourceDate "2022.11.30"]
[SourceVersion "1"]
[SourceVersionDate "2022.11.30"]
[SourceQuality "1"]
[WhiteTeam "Warszawa Czternastka"]
[BlackTeam "Gdansk Korona"]
[WhiteTeamCountry "POL"]
[BlackTeamCountry "POL"]

1. Nf3 c5 2. b3 d5 3. Bb2 Nc6 4. e3 Nf6 5. Bb5 Bd7 6. 0-0 e6 7. d3 Bd6 8. Bxc6 Bxc6 9. Ne5 Qc7 10. f4 0-0-0 11. Nd2 Ne8 12. Qe2 f6 13. Nxc6 Qxc6 14. e4 Nc7 15. Rae1 Be7 16. exd5 Qxd5 17. Kh1 Rhf8 18. Nc4 1/2-1/2

[Event "POL-ch U20"]
[Site "Pokrzywna"]
[Date "2020.12.05"]
[Round "8"]
[White "Suska, Szymon"]
[Black "Meers, Hubert"]
[Result "0-1"]
[WhiteElo "1548"]
[BlackElo "1986"]
[PlyCount "72"]
[EventDate "2020.11.30"]
[EventType "swiss"]
[EventRounds "9"]
[EventCountry "POL"]
[SourceTitle "CBM 199 Extra"]
[Source "ChessBase"]
[SourceDate "2021.01.31"]
[SourceVersion "1"]
[SourceVersionDate "2021.01.31"]
[SourceQuality "1"]

1. e4 c6 2. d4 d5 3. exd5 cxd5 4. Nf3 Nf6 5. Bd3 Nc6 6. c3 Bg4 7. h3 Bxf3 8. Qxf3 e6 9. Qe2 Qc7 10. Nd2 Bd6 11. Nf3 h6 12. 0-0 0-0 13. Re1 Nd7 14. Be3 Rac8 15. Rad1 a6 16. Bb1 b5 17. Qd3 Nf6 18. g4 Ne4 19. g5 f5 20. gxh6 f4 21. Bc1 Rf6 22. h7+ Kh8 23. Rxe4 dxe4 24. Qxe4 Qf7 25. Ne5 Bxe5 26. dxe5 Rf5 27. Qg2 Qh5 28. Qf1 Rg5+ 29. Kh2 Nxe5 30. Be4 Ng4+ 31. Kh1 Nxf2+ 32. Qxf2 Qxd1+ 33. Kh2 Qxc1 34. Bf3 Qe3 35. Qxe3 fxe3 36. a4 Rd8 0-1

[Event "POL-ch U20"]
[Site "Pokrzywna"]
[Date "2020.11.30"]
[Round "2"]
[White "Suska, Szymon"]
[Black "Bojczewski, Mateusz"]
[Result "0-1"]
[WhiteElo "1548"]
[BlackElo "1960"]
[PlyCount "75"]
[EventDate "2020.11.30"]
[EventType "swiss"]
[EventRounds "9"]
[EventCountry "POL"]
[SourceTitle "CBM 199 Extra"]
[Source "ChessBase"]
[SourceDate "2021.01.31"]
[SourceVersion "1"]
[SourceVersionDate "2021.01.31"]
[SourceQuality "1"]

1. e4 c6 2. g3 d5 3. Bg2 dxe4 4. Nc3 Bf5 5. Nxe4 Nd7 6. Ne2 Ngf6 7. N2c3 g6 8. d3 Bg7 9. Be3 Nd5 10. Bd2 Qb6 11. Na4 Qc7 12. c4 N5f6 13. Bb4 Rd8 14. Qe2 Ne5 15. Rd1 b6 16. Nac3 c5 17. Nb5 Qd7 18. Bc3 Nxd3+ 19. Kf1 0-0 20. Bxf6 Bxf6 21. Nxf6+ exf6 22. Bd5 Rfe8 23. Qd2 Bh3+ 24. Kg1 Ne5 25. Qf4 Nxc4 26. Nc3 Nxb2 27. Rb1 Na4 28. Bxf7+ Kxf7 29. Qxa4 Qxa4 30. Nxa4 Re2 31. Nc3 Rc2 32. Ne4 Rd4 33. Re1 Rxe4 34. Rd1 Rd2 35. Rb1 Ree2 36. g4 Rxf2 37. g5 Rg2+ 38. Kf1 0-1